Statistiques concernant Lieux dans leur Langue Maternelle #2

Cliquez ici pour prendre le quiz!

Statistiques générales

  • Ce quiz a été pris 60 fois
  • Le résultat moyen est 13 sur 21

Statistiques - réponses

MaternelFrançais% Correct
EspañaEspagne
98%
RomaRome
95%
SiciliaSicile
93%
NapoliNaples
92%
WienVienne
83%
YerushaláyimJérusalem
78%
PrahaPrague
78%
KøbenhavnCopenhague
73%
FirenzeFlorence
73%
ÉireIrlande
71%
KölnCologne
69%
КиївKiev
66%
SverigeSuède
61%
BayernBavière
56%
SuomiFinlande
49%
NihonJapon
46%
ΕλλάδαGrèce
44%
MagyarországHongrie
37%
CaerdyddCardiff
24%
KampucheaCambodge
22%
AlbaÉcosse
8%

Distribution des résultats

Percentile par nombre de réponses

% des personnes avec chaque résultat

Votre développement - résultats

Vous n’avez pas pris ce quiz